000 00285nam a2200133 4500
999 _c9442
_d9442
003 OSt
005 20210622120633.0
008 210622b ||||| |||| 00| 0 eng d
020 _a9788190852838
082 _a720
_bJAI
245 _aLearning Architecture
260 _bAADI
942 _2ddc